000 00659nam a2200241Ia 4500
999 _c49642
_d49642
001 16574
003 GE_BSU
005 20250204103817.0
008 181216s2005||||enk|||||||||||||| ||eng||
020 _a9780582841772
040 _cGE_BSU
041 _aeng
080 _a811.111(075.8) F-71
100 _aFoley, Mark
_924180
245 _aTotal English : Elementary Students book (CD) /
_cMark Foley, Diane Hall.
264 _aEdinburg :
_bPearson Longman,
_c2005.
300 _a160 p. ;
_c29 cm.
541 _h5ლ.
653 _aTotal English
653 _aUpper Intermediate Workbook
700 _a Hall, Diane
_cauthor
_924237
942 _cBK
_2udc